| 000 | 00596nam a22001817a 4500 | ||
|---|---|---|---|
| 005 | 20251108164023.0 | ||
| 008 | 250721s1995 xx 000 0 ara d | ||
| 082 | 1 | 4 | _a346.0609565/عزي |
| 100 | 1 | _aالعكيلي، عزيز | |
| 245 | 1 | 0 |
_aالشركات التجارية في القانون الأردني : _bدراسة مقارنة مع قوانين الشركات في ... / |
| 264 | 1 |
_aعمان : _bمكتبة دار الثقافة، _c1995. |
|
| 300 | _a550ص | ||
| 650 | 1 | 7 | _aالشركات |
| 650 | 1 | 7 | _aالقانون |
| 650 | 1 | 7 | _aالأردن |
| 942 |
_2ddc _cBK |
||
| 999 |
_c1605 _d1605 |
||